000 00907nam a2200217 a 4500
001 000077065
003 AM-YEHGA
005 20250617121805.0
008 030329s1974 ru || |||||||||||||rus|c
040 _aAM-YeHGA
041 0 _arus
245 0 0 _aГеологическая карта Сибирской платформы и прилегающих территорий, м-б 1:1500000 :
_bОбъяснительная записка /
_cСост. М.Н. Благовещенская ; Ред. В.И. Драгунов, Г.Н. Шапошников.
260 _aЛенинград :
_bВСЕГЕИ,
_c1974.
300 _a110 с.
650 1 4 _aГеологические карты
700 1 _aБлаговещенская, М.Н.
_eсост.
_4com
700 1 _aДрагунов, В.И.
_eред.
_4edt
700 1 _aШапошников, Г.Н.
_eред.
_4edt
942 _2udc
_cBK
090 _c23711
999 _c23430
_d23430